00720nam a2200193 a 4500008004100000020001500041050001400056100001800070245005400088260004400142300002200186350000900208500002600217650001900243650002200262995009500284999001700379952013000396060316s1982 ||||||||||||||||| || u a0442284195 aT 385 Kat aKatzan, Harry10aMicrocomputer graphics and programming techniques aNew York :bVan Nostrand Reinholdc1982 aix, 229 p. : ill. a0.00 aIncludes Bibliography aMICROCOMPUTERS 0aCOMPUTER GRAPHICS D0.00FCBU-MAIN LIBRARY (Kitwe)H1I0.00M1UAVAILABLEZMain Library Open Access Collection c51098d51098 00102lcc4070a001b001cMain Library Open Access Collectiond2022-11-30l0oT 385 Katp013745r2022-11-30w2022-11-30y002